| 000 | 00499nam a2200181Ia 4500 | ||
|---|---|---|---|
| 003 | LK-CoDNM | ||
| 005 | 20240226142856.0 | ||
| 008 | 010623t1899 xxu||||| |||| 00| 1 sin d | ||
| 040 |
_aLK-CoDNM _dLK-CoDNM _eLK-CoDNM |
||
| 041 | _asin | ||
| 080 | _a104 U32 | ||
| 245 | _aඅලුත් ගිවිසුමේ කථා | ||
| 246 | _aHistories from the new testament | ||
| 260 |
_bChristian literature society _aColombo _c1899 |
||
| 300 | _b60p.,18 cm | ||
| 650 | _aNew testament | ||
| 942 | _cBK | ||
| 999 |
_c84837 _d84837 |
||